000
00321 a2200145 4500
001
174308
020
_a
040
_c
Magnum
100
_a
Helo
240
1
0
_a
A derrota do gigante/brasil-america
_l
por
245
1
0
_a
A derrota do gigante/brasil-america
362
0
_a
1899
697
_a
I/FADAS, FANTASIA
942
_c
BK
999
_c
174308
_d
174308